| 000 | 00513cam a2200169 4500500 | ||
|---|---|---|---|
| 005 | 20260405000330.0 | ||
| 041 | _afre | ||
| 042 | _adc | ||
| 100 | 1 | 0 |
_aCourtine-Denamy, Sylvie _eauthor |
| 245 | 0 | 0 | _aPour comprendre Nietzsche |
| 260 | _c2006. | ||
| 500 | _a74 | ||
| 690 | _aLiberté | ||
| 690 | _aNietzsche | ||
| 786 | 0 | _nPhilosophie magazine | 5 | 12 | 2006-12-01 | p. 34-36 | 1951-1787 | |
| 856 | 4 | 1 | _uhttps://shs.cairn.info/magazine-philosophie-magazine-2006-12-page-34?lang=fr&redirect-ssocas=7080 |
| 999 |
_c2036045 _d2036045 |
||